000 00308nam a2200121Ia 4500
008 220216s9999 xx 000 0 und d
100 _aBuist J M
245 0 _aAbrasion resistance and its measurement
260 _bIRI Transactions
_c1950
300 _a192-222
650 _aAbrasion resistance
942 _cJS
999 _c53712
_d53712